Nordic Geography by Letter - U - Statistics

General Stats
  • This quiz has been taken 19 times
  • The average score is 5 of 12
Answer Stats
Hint Answer % Correct
The city above has the oldest educational establishment of this type in the Nordics University
84%
Sweden's fourth-largest city Uppsala
84%
Finland was the last Nordic country to join this international organization in 1955 {United} {Nations}
79%
Major city in northern Sweden by the Ume river Umeå
63%
Language family of Finnish Uralic
53%
Biggest stadium in Norway by capacity {Ulle}vaal
32%
Historical province which the city is part of Uppland
32%
10th-largest lake in Sweden {Udd}jaure
21%
Northernmost municipality in Finland Utsjoki
21%
The treaty of Nystad was signed in this southwestern Finnish city Uusikaupunki
21%
Region Helsinki is part of Uusimaa
21%
City in Satakunta, Finland, one of the oldest in the country Ulvila
16%
No matching quizzes found
Score Distribution
Percent of People with Each Score
Percentile by Number Answered
Your Score History
You have not taken this quiz